1468 1192 1967 1035 1019 1836 1421 1084 1118 1440 1447 1838 1500 1191 1890 1250 1980 1866 1836 1861 1215 1266 1585 1744 1497 1582 1167 1073 1216 1412 1493 1465 1105 1419 1231 1796 1977 1083 1412 1265 1011 1853 1267 1847 1190 1590 1921 1156 1385 1967 1855 1063 1825 1392 1974 1145 1505 1162 1924 1256 1267 1798 1901 1212 1528 1903 1942 1213 1112 1002 1263 1069 1144 1541 1241 1182 1644 1696 1934 1831 1087 1844 1699 1795 1662 1896 1944 1693 1197 1156 1031 1948 1318 1220 1551 1713 1783 1667 1614 BCNSPRNW ULIB Ver.6.0+V

เปลี่ยนเป็นภาษาไทย

Change to English
 แสดงรายละเอียดบรรณานุกรม
  กลับหน้าหลัก

Brief Record : Get Marc (ISO 2709) : E-mail record : QR code < ปิดหน้าต่าง
LEADER : 00000nam 2200000uu 4500
001    13399128097
003     ULIB
008    220526s2563||||th 000 0 tha d
020    ^a9786164881143
060  4 ^aWB115^bร87^cล.1
245 00 ^aโรคทางอายุรศาสตร์ที่พบบ่อย เล่ม 1 /^cหทัยวรรณ รัตนบรรเจิดกุล ... [และคนอื่น ๆ]
250    ^aพิมพ์ครั้งที่ 1
260    ^aกรุงเทพฯ :^bกรุงเทพเวชสาร,^c2563
300    ^a416 หน้า :^bภาพประกอบ; ^c21 ซม.
650  7 ^aโรคอายุรศาสตร์
650  7 ^aอายุรศาสตร์
700 0  ^aหทัยวรรณ รัตนบรรเจิดกุล,^eบรรณาธิการ
700 0  ^aภานุช เอี่ยมประภาพร,^eบรรณาธิการ
700 0  ^aวศิเทพ ลิ้มวรพิทักษ์,^eบรรณาธิการ
700 0  ^aณรงค์กร ซ้ายโพธิ์กลาง,^eบรรณาธิการ
710    ^aมหาวิทยาลัยธรรมศาสตร์ ^bคณะแพทยศาสตร์ ภาควิชาอายุรศาสตร์
945    ^p400^l0^i008800
999    ^aประนอม เกษจรัล
รายการนี้ยังไม่มีแท็ก
คุณยังไม่ได้ล็อกอิน คุณสามารถมีกิจกรรมร่วมกับเว็บไซต์ได้ แต่ต้องล็อกอินก่อน ::
  ล็อกอิน

รายการสื่อสารสนเทศ

ลำดับที่ ประเภท เลขเรียก/บาร์โค้ด สถานที่ สถานะ
1. วิทยาศาสตร์การแพทย์ และสุขภาพ
หนังสือสำรอง
สถานะ=หนังสือสำรอง
WB115 ร87 ล.1 ฉ.1 
  Barcode: 008800
ห้องสมุดวิทยาเขตสวรรค์ประชารักษ์
►หนังสือทั่วไป
บนชั้น

รายการใกล้เคียง
    หัวเรื่อง [โรคอายุรศาสตร์]
    หัวเรื่อง [อายุรศาสตร์]

BibComment


ยังไม่เคยถูกคอมเมนท์

คอมเมนท์ทรัพยากรรายการนี้
  คอมเมนท์: โรคทางอายุรศาสตร..


 Copyright 2026. Bcnsprnw @Library